00438nam a2200169Ia 4500003000400000008004100004040001600045082001600061100002100077245004900098700001700147260002800164300001100192650002200203650002500225650001800250GCL140319s9999 xx 000 0 eng d aGCL / cGCL04a005.43bU E1 aUNDERDAHI, BRIAN10aEXCEL: EXPERT SOLUTIONS / cUNDERDAHI, BRIAN1 aHAGER, DAVID a[S.N] : bQUE ، c1996 a1018 P04aشعر الحرب04aPROGRAMMING LANGUAGE04aEXCEL WINDOWS